00557 a2200121 4500001000700000020001800007040003200025100001500057245005000072250002000122362000900142520028400151125007 a9780545137690 cEscola Canadense de Niteroi aScholastic10aScholastic First Picture Dictionary (Revised) aRevised Edition0 a2009 aWith an oversize trim and a new cover that shines, this picture dictionary organizes words by category for a holistic approach to vocabulary acquisition. Colour-coded sections for easy reference highlight important words that relate to our bodies, home, school, nature, and more!